000 00601nam a2200217Ia 4500
008 101110s9999 xx 000 0 und d
041 _aENGLISH
082 _bSR31193
100 _aRaghuraman K. Prabhu D.V. & others
245 _aBasic principles in physical chemistry FYBSc
260 _c2009
_b Sheth publishers,Mumbai
300 _a231
365 _b75
520 _aChemistry
546 _aENGLISH
630 _aBasic principles in physical chemistry FYBSc
650 _aChemistry
655 _aChemistry
730 _aBasic principles in physical chemistry FYBSc
942 _cBOOK
999 _c823696
_d823693